000 00579 a2200181 4500
999 _c182923
_d182923
005 20211210102251.0
010 _aENG-130266
020 _c125.00
_a978-81-940042-8-8
035 _aEN-113798
037 _bDBAD / PUB
082 _a881
100 _aChellaiah, Rajeswari
245 _aSongs of Dryness Muththamizh Virumbi:
_cRajeswari Chellaiah
260 _bEmerald Publishers
_c2019
_aChennai
270 _a15A, First Floor, Casa Major Road
_minfo@emeraldpublishers.com
_bChennai
_e600008
300 _a82p.
_c19cm (pbk)
942 _adpl
_cEN
_2ddc
_h881
_mCHE